000 00667cam a22002173a 4500
001 36581
003 PGUSA
005 20140828083807.0
008 110702s2011||||xxu|||||s|||||000 | eng d
040 _aPGUSA
_beng
042 _adc
100 1 _aBeebe, Mabel
245 1 0 _aFour American Naval Heroes :
_bPaul Jones, Admiral Farragut, Oliver H. Perry, Admiral Dewey
_h[electronic resource] /
_cMabel Beebe
260 _bProject Gutenberg,
_c2011
506 _aPublic domain in the USA.
516 _aElectronic text
700 1 _aBaldwin, James,
_d1841-1925
830 0 _aProject Gutenberg
_v36581
856 4 0 _uhttp://www.gutenberg.org/ebooks/36581
942 _cEB
999 _c265836
_d265836